000
00326nam a2200121Ia 4500
008
220204s9999 xx 000 0 und d
020
_a
8172242875
082
_a
929A/Z(CHA)
_b
CHA
100
_a
Chaudhuri, N C
245
4
_a
The autobiography of an unknown Indian
260
_a
Mumbai
_b
Jaico Publishing House
_c
2002
942
_c
BK
999
_c
42090
_d
42090